1498 1365 1510 1730 1663 1956 1752 1281 1074 1210 1946 1860 1097 1535 1013 1860 1209 1536 1526 1406 1773 1175 1561 1966 1684 1233 1035 1956 1220 1954 1939 1746 1038 1869 1548 1753 1637 1846 1386 1832 1986 1698 1157 1154 1144 1611 1922 1232 1639 1524 1375 1508 1205 1209 1163 1661 1106 1171 1012 1641 1434 1239 1609 1314 1572 1435 1115 1960 1296 1913 1210 1609 1933 1580 1106 1101 1474 1895 1813 1331 1047 1333 1709 1484 1462 1464 1970 1990 1854 1847 1791 1500 1289 1347 1604 1487 1444 1815 1112 BCNSPRNW ULIB Ver.6.0+V

เปลี่ยนเป็นภาษาไทย

Change to English
 แสดงรายละเอียดบรรณานุกรม
  กลับหน้าหลัก

Brief Record : Get Marc (ISO 2709) : E-mail record : QR code < ปิดหน้าต่าง
LEADER : 00000nam 2200000uu 4500
001    13399122191
003     ULIB
008    130109s2548||||th 000 0 tha d
060  4 ^aWK810^bส839ค
100 0  ^aสุภาวดี ลิขิตมาศกุล
245 00 ^aเบาหวานในเด็กและวัยรุ่น/^cสุภาวดี ลิขิตมาศกุล
260    ^aกรุงเทพฯ:^bสมาคมผู้ให้ความรู้โรคเบาหวาน,[2548]
300    ^a24 หน้า
650  7 ^aโรคเบาหวาน
710 1  ^aสมาคมผู้ให้ความรู้โรคเบาหวาน
945    ^p30^l0^i033395
995    ^aเกษร
999    ^aใช้งานได้ทุกระบบ
รายการนี้ยังไม่มีแท็ก
คุณยังไม่ได้ล็อกอิน คุณสามารถมีกิจกรรมร่วมกับเว็บไซต์ได้ แต่ต้องล็อกอินก่อน ::
  ล็อกอิน

รายการสื่อสารสนเทศ

ลำดับที่ ประเภท เลขเรียก/บาร์โค้ด สถานที่ สถานะ
1. วิทยาศาสตร์การแพทย์ และสุขภาพ
หนังสือสำรอง
สถานะ=หนังสือสำรอง
WK810 ส839ค ฉ.1 
  Barcode: 033395
ห้องสมุดวิทยาเขตสวรรค์ประชารักษ์
►หนังสือทั่วไป
บนชั้น

รายการใกล้เคียง
    ผู้แต่ง [สุภาวดี ลิขิตมาศกุล]

    หัวเรื่อง [โรคเบาหวาน]

BibComment


ยังไม่เคยถูกคอมเมนท์

คอมเมนท์ทรัพยากรรายการนี้
  คอมเมนท์: เบาหวานในเด็กและ..


 Copyright 2026. Bcnsprnw @Library